| 000 | 01070nam a22003257a 4500 | ||
|---|---|---|---|
| 001 | BR0102310 | ||
| 003 | BR-BrBNA | ||
| 005 | 20230928100857.0 | ||
| 007 | ta | ||
| 008 | 230509b bl.||||| |||| 00| 0 por d | ||
| 040 |
_aBR-BrBNA _bpor _cBiblioteca Nacional de Agricultura |
||
| 041 | _a(Por) | ||
| 072 |
_aL02; L01 _b5212 |
||
| 090 | _ 5212 BR0102310 | ||
| 100 | 1 | _aCoelho, S.G. | |
| 110 | 1 |
_aUniversidade Federal de Minas Gerais, Belo Horizonte (Brasil). Escola de Veterinaria _0Tese (Doutor em Ciencia Animal) |
|
| 245 | 1 | _aGanho de peso e desenvolvimento do estomago de bezerros desaleitados aos trinta dias de idade e alimentados com concentrado e com ou sem feno | |
| 260 | 3 |
_aBelo Horizonte, MG (Brasil): _c1999. |
|
| 300 | _a123 p. | ||
| 500 | _aSummaries (Eng, Por); Bibliography p. 113-123; 9 graphs; 20 illus. | ||
| 650 | _aBezerro | ||
| 650 | _aNutricao Animal | ||
| 650 | _aGanho de Peso | ||
| 650 | _aRacao | ||
| 650 | _aDesmama | ||
| 650 | _aRumen | ||
| 650 | _aGado Holandes | ||
| 909 |
_a202309 _bLucia _c55 _dLucia Elande |
||
| 942 | _cBK | ||
| 999 |
_c63213 _d63213 |
||